| 000 | 00838nam a2200253 a 4500 | ||
|---|---|---|---|
| 001 | BRCA_3587 | ||
| 005 | 20190320204338.0 | ||
| 008 | 060809s1900----fr-a######---#000-0#fre-# | ||
| 041 | _afre | ||
| 044 | _afr | ||
| 050 | 4 |
_aND3363.B5 _b.T74 1900 |
|
| 245 | 1 | 0 |
_aLes tres riches heures du Duc de Berry _bLe calendrier _cPrésenté par Jean Porcher. |
| 260 |
_aParís _bNomis _c[1900] |
||
| 300 |
_a55 p. _bil., 12 láminas a color _c18 cm. |
||
| 500 | _aB257 | ||
| 600 | 1 | 4 |
_aBerry, Jean de France, duc. de _d1340-1416 _99310 |
| 610 | 2 | 4 |
_aMusée Condé à Chantilly (Francia) _99311 |
| 650 | 1 | 4 |
_aIluminación de libros y manuscritos _xEspecímenes, reproducciones, etc. _97874 |
| 650 | 1 | 4 |
_aHoras, Libros de las _99312 |
| 650 | 1 | 4 |
_aGalerías y museos _zFrancia _97839 |
| 700 | 1 |
_aPorcher, Jean _99313 |
|
| 902 | _aGFM | ||
| 942 |
_2lcc _cB |
||
| 999 |
_c3322 _d3322 |
||